[Event "3rd Sharjah Masters 2019"]
[Site "Sharjah"]
[Date "2019.03.23"]
[Round "2.19"]
[White "Yakubboev, Nodirbek"]
[Black "Assaubayeva, Bibisara"]
[Result "1-0"]
[WhiteElo "2569"]
[BlackElo "2376"]
[Annotator "TA"]
[PlyCount "101"]
[EventDate "2019.03.22"]
[EventType "swiss"]
[EventCountry "UAE"]
[SourceTitle "playchess.com"]
[Source "ChessBase"]
[SourceQuality "1"]

{[%evp 15,101,31,26,39,35,16,18,2,13,2,9,8,12,14,25,27,40,47,73,66,64,52,64,70,126,108,110,100,106,104,91,87,76,11,20,0,0,0,0,0,0,0,0,0,6,4,3,4,5,5,5,5,4,3,3,3,41,39,66,56,191,193,193,173,212,213,333,302,325,323,316,308,308,308,488,473,622,622,614,610,585,414,5110,29965,29980,29980,6087,1007]} 1. d4 d5 2. c4 c6 3. Nf3 Nf6 4. e3 Bf5 5. Nc3 e6 6. Nh4 Be4 7. f3 Bg6 8. Qb3 Qc7 9. Bd2 {D12: Slav Defence: 3 Nf3 Nf6 4 e3 Bf5} Be7 10. cxd5 (10. Rc1 Nbd7 11. g3 dxc4 12. Bxc4 O-O 13. Nxg6 hxg6 14. Be2 a6 15. O-O b5 16. a4 Qb6 17. axb5 axb5 {0-1 (28) Roiz,M (2605)-Giri,A (2783) St Petersburg 2018}) 10... cxd5 11. Nxg6 {The position is equal.} hxg6 12. O-O-O Nc6 13. Kb1 a6 14. Rc1 O-O 15. Qd1 b5 16. g4 Qb7 $146 ({Predecessor:} 16... Qd7) 17. g5 Nh5 18. Rg1 b4 19. Na4 e5 (19... Rfc8 $14) 20. dxe5 Nxe5 21. f4 Nc4 22. Bxc4 dxc4 23. Rxc4 Rac8 24. Rd4 ({White should try} 24. b3 $16) 24... Rfd8 25. Bc1 Rxd4 26. Qxd4 Qc6 {( -> ...Qc2+)} 27. Qd1 Qe4+ 28. Ka1 Rc2 29. h3 Qc6 (29... a5 {keeps more tension.} 30. b3 Kh7 31. h4 Rh2 32. Nb2 Rxh4 33. Qd3 Qxd3 34. Nxd3 Rh3) 30. Nc3 Rxc1+ 31. Qxc1 {And now Ne2 would win.} bxc3 32. Qxc3 Qxc3 33. bxc3 Bc5 34. Re1 Ng3 35. Kb2 f6 36. Kc2 Kf7 37. Kd3 Ke6 {[#]} (37... Nf5 $14) 38. Rb1 $1 $18 Nf5 {[#]} 39. Rb8 $1 fxg5 40. fxg5 Kf7 (40... Kd7 $142 41. e4 Ne7) 41. e4 Nh4 42. Ra8 Nf3 43. Rxa6 Nxg5 44. Ra5 Be7 (44... Ne6 {was worth a try.} 45. a4 Ke7) 45. a4 {[%cal Ba2a4,Ba4a5,Ba5a6][%mdl 32]} Nxh3 46. Rb5 Bh4 47. a5 Bf2 48. a6 g5 (48... Nf4+ $142 49. Kd2 Kf6) 49. Rf5+ Ke6 {[#]} 50. Rxf2 $1 {[%mdl 576] Promotion} Nxf2+ 51. Ke2 {Accuracy: White = 84%, Black = 39%.} (51. Kd4 $142 Ke7 52. a7) 1-0

[Event "3rd Sharjah Masters 2019"]
[Site "Sharjah"]
[Date "2019.03.23"]
[Round "2.20"]
[White "Fier, Alexandr"]
[Black "Rathnakaran, K.."]
[Result "1-0"]
[WhiteElo "2551"]
[BlackElo "2361"]
[Annotator "TA"]
[PlyCount "55"]
[EventDate "2019.03.22"]
[EventType "swiss"]
[EventCountry "UAE"]
[SourceTitle "playchess.com"]
[Source "ChessBase"]
[SourceQuality "1"]

{[%evp 16,55,43,43,72,75,67,52,63,70,180,178,190,190,234,216,251,249,304,294,433,423,379,417,459,403,404,422,400,378,541,477,768,765,1027,1023,1231,1046,2207,1875,29992,29993]} 1. d4 Nf6 2. c4 c5 3. Nf3 g6 4. Nc3 Bg7 5. g3 O-O 6. Bg2 cxd4 7. Nxd4 Nc6 8. O-O Ng4 9. e3 f5 {A39: Symmetrical English vs ...g6: 4 Bg2 Bg7 5 Nf3 Nf6 6 0-0 0-0 7 d4} 10. b3 a6 11. Qd2 $146 ({Predecessor:} 11. Bb2 Rb8 12. Qd2 b5 13. c5 Bb7 14. Rad1 Nf6 15. Qe2 Nxd4 16. exd4 Bxg2 17. Kxg2 {1-0 (42) Braun,A (2549)-Gheng,J (2315) Boeblingen 2014}) 11... e5 {White is slightly better.} 12. Nde2 h5 (12... e4 $14) 13. Ba3 $18 Re8 14. Bd6 Kh7 15. Nd5 Rh8 16. c5 b5 17. cxb6 h4 (17... e4 $142 18. Rac1 Nge5) 18. Rad1 hxg3 19. fxg3 Bh6 20. h3 Nxe3 21. Nxe3 {[#] Bc5 is the strong threat.} Qxb6 22. Rf3 a5 (22... Nd4 {was necessary.} 23. Rf2 Nc6) 23. Qc3 Ba6 (23... Rd8 $142 24. Bxe5 Re8) 24. Bc5 Qb7 {[#]} 25. Nxf5 $1 gxf5 26. Rxf5 Rhg8 27. Be4 {White threatens Rf7+ and mate.} Kh8 28. Rd6 {Accuracy: White = 87%, Black = 13%.} 1-0

[Event "3rd Sharjah Masters 2019"]
[Site "Sharjah"]
[Date "2019.03.23"]
[Round "2.21"]
[White "Fenil, Shah"]
[Black "Chanda, Sandipan"]
[Result "0-1"]
[WhiteElo "2360"]
[BlackElo "2534"]
[Annotator "TA"]
[PlyCount "92"]
[EventDate "2019.03.22"]
[EventType "swiss"]
[EventCountry "UAE"]
[SourceTitle "playchess.com"]
[Source "ChessBase"]
[SourceQuality "1"]

{[%evp 17,92,0,4,-12,45,42,49,37,58,55,49,10,10,10,10,-1,2,0,0,0,-11,-36,0,0,4,-19,4,5,6,0,0,0,0,0,0,-17,-16,-14,-15,-68,-43,-99,-34,-110,-122,-110,-118,-141,-141,-139,-127,-153,-145,-152,-151,-283,-102,-111,-102,-119,-97,-111,-102,-552,-539,-531,-554,-943,-863,-906,-825,-792,-721,-29987,-29988,-29979,-29980]} 1. d4 Nf6 2. Nf3 g6 3. Nc3 d5 4. Bf4 c6 5. e3 Bg7 6. Be2 Bg4 7. h3 Bxf3 8. Bxf3 O-O 9. O-O Nbd7 10. Qd2 {D00: 1 d4 d5: Unusual lines} (10. e4 dxe4 11. Nxe4 Nxe4 12. Bxe4 e5 13. dxe5 Nxe5 14. c3 Re8 15. Re1 Qf6 16. Bxe5 Rxe5 17. Bf3 Rae8 18. Rxe5 Qxe5 {½-½ (31) Chatalbashev,B (2602)-Spasov,V (2590) Bankia 2011}) 10... Ne8 $146 (10... Re8 $11) ({Predecessor:} 10... Re8 11. Rfd1 Qb6 12. Na4 Qa6 13. b3 e5 14. dxe5 Nxe5 15. Bxe5 Rxe5 16. Qd3 b5 17. Nc3 Qb6 {½-½ (30) Gaprindashvili,V (2387)-Schreiner,P (2476) Lienz 2019}) 11. e4 $14 dxe4 12. Nxe4 {White is slightly better.} Nef6 13. Nxf6+ Nxf6 14. Be5 Ne4 15. Bxe4 Bxe5 16. Rfd1 Bc7 17. Qb4 Bb6 18. a4 a5 19. Qb3 e6 20. Rd3 Rb8 21. Rad1 Bc7 22. g3 Qd6 23. Bg2 Rfd8 24. h4 h5 25. Kf1 b5 {[%cal Bb7b5,Bb5a4,Ba4a3][%mdl 32]} 26. Qc3 bxa4 27. Bxc6 Rb4 28. d5 (28. Re1 $11) 28... e5 $1 $15 29. Qa3 ({White should try} 29. Re1 $15) 29... e4 (29... Bb6 $1 $17 30. R3d2 Bc5) 30. c3 (30. R3d2 $1 $15) 30... Rxb2 $1 $17 ({Reject} 30... exd3 $6 31. cxb4 axb4 32. Qxa4 $11) 31. Qxb2 a3 32. Qa2 {Threatens to win with Re3.} exd3 33. Rxd3 {[#]} Bb6 $1 34. Rd2 Bc5 35. Bb5 Qf6 {aiming for ...Qf3.} 36. Qc4 {[#]} (36. Kg2 $17 {might work better.}) 36... Bd6 $2 (36... Qf3 $1 $19 {White must now prevent ...Be3.} 37. Qxc5 Qh1+ 38. Ke2 a2 39. Rxa2 Qe4+ 40. Kf1 Rxd5 41. Qxd5 Qxd5) 37. Kg2 Rb8 38. Re2 Kh7 39. Qc6 Qd8 40. c4 $2 {[%mdl 8192]} (40. Qa6 $17) 40... Rb6 $19 41. Qe8 Qxe8 42. Bxe8 {intending Bb5.} Rb2 43. Re1 a2 44. Ra1 Be5 {...Rxf2+! is the strong threat.} 45. c5 {[#]} Rxf2+ $1 {[%mdl 576] Promotion} 46. Kxf2 Bxa1 {Accuracy: White = 30%, Black = 70%.} 0-1

[Event "3rd Sharjah Masters 2019"]
[Site "Sharjah"]
[Date "2019.03.23"]
[Round "2.22"]
[White "Deepan, Chakkravarthy J."]
[Black "Raghunandan, Kaumandur Srihari"]
[Result "1/2-1/2"]
[WhiteElo "2534"]
[BlackElo "2352"]
[Annotator "TA"]
[PlyCount "81"]
[EventDate "2019.03.22"]
[EventType "swiss"]
[EventCountry "UAE"]
[SourceTitle "playchess.com"]
[Source "ChessBase"]
[SourceQuality "1"]

{[%evp 9,81,9,42,0,40,41,34,32,28,35,33,34,56,-8,0,0,0,0,0,0,0,-18,-24,-34,-21,-20,-32,-35,0,0,0,0,0,0,41,42,70,75,69,77,86,78,98,71,90,71,76,74,83,86,118,113,138,130,142,119,113,66,79,8,10,0,0,0,66,70,66,0,0,0,0,0,0,-8]} 1. e4 c5 2. Nf3 d6 3. d4 cxd4 4. Qxd4 Nf6 5. Be2 (5. Bb5+ Bd7 6. c4 g6 7. Nc3 Bg7 8. O-O O-O 9. Qd3 a6 10. Bxd7 Nbxd7 11. Qe2 Rc8 12. Bd2 Ng4 {½-½ (87) Alekseev,E (2639)-Nepomniachtchi,I (2763) St Petersburg 2018}) 5... Nbd7 6. c4 $146 {B53: Sicilian: 2...d6: Lines with Qxd4} ({Predecessor:} 6. O-O a6 7. Rd1 Qc7 8. c4 e6 9. Nc3 Be7 10. Bg5 O-O 11. Bh4 Ne5 12. Bxf6 gxf6 {½-½ (63) Khusnutdinov,R (2470)-Tissir,M (2387) St Petersburg 2018}) 6... e5 7. Qe3 d5 8. exd5 {White is slightly better.} Bc5 9. Qb3 $1 e4 10. Ng5 O-O 11. Be3 (11. Nc3 $14) 11... b5 {Hoping for ...h6.} 12. Nc3 ({Reject} 12. Qxb5 Bxe3 13. fxe3 Rb8 $17) 12... bxc4 13. Qxc4 (13. Bxc4 Bxe3 14. fxe3 Rb8 $17) 13... Qb6 14. Bxc5 Nxc5 15. Qb5 h6 16. Nh3 Bxh3 17. Qxb6 $1 axb6 18. gxh3 Rfd8 19. O-O-O Na4 20. Nxa4 Rxa4 21. a3 e3 22. fxe3 Re4 23. Rd3 Rh4 24. Bf3 Rxh3 {[#]} 25. Bg2 $1 {[%cal Rg2h3]} Rh5 26. Kd2 Nd7 27. h4 Nc5 28. Rc3 Re5 29. Ke2 f5 30. Rd1 f4 31. Rd4 g5 32. hxg5 hxg5 33. b4 Nb7 {Black wants to play ...Nd6.} 34. Bh3 (34. Re4 $16 Rxe4 35. Bxe4) 34... Nd6 $11 {[#] ...Nb5 is the strong threat.} 35. Be6+ Kg7 {Strongly threatening ...Nb5.} 36. a4 (36. Rdd3 {keeps more tension.} b5 37. Kf1 Rf8 38. exf4 Rxf4+ 39. Rf3) 36... Rxe3+ (36... Ra8 $11) 37. Rxe3 $14 fxe3 38. Kxe3 (38. Rd1 $1 $14) 38... Ra8 $11 {The position is equal.} 39. b5 Kf6 40. Kd3 Nb7 41. Ke4 {Accuracy: White = 58%, Black = 53%.} 1/2-1/2

[Event "3rd Sharjah Masters 2019"]
[Site "Sharjah"]
[Date "2019.03.23"]
[Round "2.23"]
[White "Omar, Noaman"]
[Black "Debashis, Das"]
[Result "0-1"]
[WhiteElo "2356"]
[BlackElo "2532"]
[Annotator "TA"]
[PlyCount "96"]
[EventDate "2019.03.22"]
[EventType "swiss"]
[EventCountry "UAE"]
[SourceTitle "playchess.com"]
[Source "ChessBase"]
[SourceQuality "1"]

{[%evp 15,96,-6,-5,-23,-28,-89,-43,-59,-60,-49,-64,-59,-46,-230,-220,-199,-183,-228,-231,-341,-333,-326,-316,-322,-322,-414,-419,-396,-230,-244,-210,-211,-154,-191,-121,-140,-60,-66,0,-43,0,-87,-81,-76,-14,-11,-6,-13,0,-22,-38,-29,0,-94,0,-39,0,-15,0,-125,-50,-150,-156,-141,-127,-132,-134,-131,-128,-229,-230,-256,-223,-255,-237,-390,-398,-368,-360,-667,-668,-4906,-2343]} 1. d4 Nf6 2. c4 e6 3. Nf3 b6 4. a3 Bb7 5. Nc3 d5 6. Bg5 Be7 7. Qa4+ Bc6 8. Qc2 dxc4 9. e4 {E12: Queen's Indian: Unusual White 4th moves, 4 a3, 4 Nc3 Bb7 5 a3 and 4 Nc3 Bb7} (9. e3 b5 10. Bxf6 gxf6 11. a4 b4 12. Nb1 Bxf3 13. gxf3 c5 14. dxc5 Nd7 15. c6 Ne5 16. Bxc4 Nxf3+ {0-1 (52) Mamedyarov,S (2768)-Karjakin,S (2785) Doha 2016}) 9... b5 $1 10. O-O-O (10. Be2 $11) 10... O-O 11. d5 {Black is slightly better.} exd5 12. exd5 Bd7 13. Nd4 $1 a6 $1 14. Nf5 $146 (14. Nc6 $1 $15 Bxc6 15. dxc6) ({Predecessor:} 14. Bf4) 14... Bxf5 $1 $19 15. Qxf5 Nbd7 16. Be2 Ne8 17. Be3 (17. Bxe7 $142 Qxe7 18. Rhe1) 17... Nd6 18. Qc2 Re8 19. h4 a5 20. a4 b4 21. Nb5 Nxb5 (21... b3 $142 22. Qd2 Nxb5 23. axb5 Bb4) 22. axb5 c3 23. bxc3 bxc3 24. Qxc3 a4 (24... Bxh4 25. Bf3 $17) (24... Bf6 $19 25. Qa3 Re4) 25. Kb1 $17 a3 (25... Bf6 $17 26. Qa3 Be5) 26. Ka2 $15 Bc5 (26... Ra4 $15 27. b6 cxb6) 27. Rh3 Bxe3 28. fxe3 (28. Rxe3 $11 {keeps the balance.} Qxh4 29. Rd2) 28... Nf6 $17 {And now ...Ne4 would win.} 29. Rd4 Ne4 (29... Nxd5 30. Qb3 $16) ({Black should play} 29... Re4 $17 30. Bf3 Rxd4 31. Qxd4 Rb8) 30. Qc2 $1 $11 Nd6 31. Bd3 Kh8 32. Rf3 Re5 $36 {[%mdl 2048] Black is more active.} 33. Qc6 Rb8 34. Ra4 (34. e4 $11 {remains equal.}) 34... Re8 (34... f5 $17) 35. g3 ({Reject} 35. Rxa3 Qxh4 36. e4 (36. Qxc7 $2 Qg5 $19) 36... Qg4 $17) 35... Rb6 36. Qc5 Qd7 {[%cal Rd6b5]} 37. Rxa3 (37. Rb4 $11) 37... Reb8 (37... Nxb5 $17 38. Bxb5 Rxb5) 38. Rb3 {[#]} (38. Rf4 $15) 38... Qg4 $1 $17 {[%cal Rg4f3]} 39. Rf4 Qxg3 40. Ra4 R6b7 41. Qd4 Re8 ({Not} 41... Nxb5 42. Bxb5 Qf2+ 43. Rb2 $16) 42. e4 (42. Ra6 $17) 42... Qxh4 $19 43. Rb2 Rbb8 44. Rg2 {[%csl Gg2][%cal Rd4g7] [#]} f6 45. Qg1 $2 (45. Rb2 {keeps fighting.}) 45... Ra8 46. Rxa8 Rxa8+ 47. Kb1 $2 (47. Kb3 Nxe4 48. Qe3) 47... Nxe4 {Hoping for ...Nc3+.} 48. Rxg7 Ng5 {Accuracy: White = 29%, Black = 53%.} 0-1

[Event "3rd Sharjah Masters 2019"]
[Site "Sharjah"]
[Date "2019.03.23"]
[Round "2.24"]
[White "Sidhant, Mohapatra"]
[Black "Megaranto, Susanto"]
[Result "1/2-1/2"]
[WhiteElo "2348"]
[BlackElo "2526"]
[Annotator "TA"]
[PlyCount "117"]
[EventDate "2019.03.22"]
[EventType "swiss"]
[EventCountry "UAE"]
[SourceTitle "playchess.com"]
[Source "ChessBase"]
[SourceQuality "1"]

{[%evp 16,117,42,34,32,33,47,43,47,42,52,33,62,58,52,38,58,51,43,39,33,29,46,39,52,22,23,22,24,24,24,-65,0,0,0,9,5,16,6,0,0,0,0,0,0,0,0,0,0,0,0,0,6,2,22,0,0,0,0,0,0,0,0,0,0,0,0,0,0,0,0,0,0,0,0,0,0,0,0,0,0,0,0,0,0,0,0,0,0,0,0,0,0,0,0,0,0,0,0,0,0,0,0,0]} 1. e4 c6 2. d4 d5 3. exd5 cxd5 4. Bd3 Nc6 5. c3 Nf6 6. Bf4 Bg4 7. Qb3 Qc8 8. Nd2 e6 9. Ngf3 {LiveBook: 336 Games} Nh5 {B13: Caro-Kann: Exchange Variation and Panov-Botvinnik Attack} (9... Be7 10. O-O O-O 11. Rfe1 Bh5 12. g3 Bg6 13. Bxg6 hxg6 14. h4 Re8 15. Kg2 Nh5 16. Be3 b5 17. a3 a5 18. Qd1 b4 19. a4 Rb8 {0-1 (63) Giri,A (2782)-Mamedyarov,S (2801) chess.com INT 2018}) 10. Be3 Bxf3 $146 ({Predecessor:} 10... Bd6 11. Ne5 Nf6 12. h3 Bf5 13. Bxf5 exf5 14. Bg5 Bxe5 15. dxe5 Ne4 16. Nf3 Qe6 17. Bf4 {1-0 (51) Rodriguez,K (2361)-Nowak,I (2237) ICCF email 2014}) 11. Nxf3 Bd6 {White is slightly better.} 12. O-O O-O 13. Rae1 Qc7 14. Qc2 g6 15. Bh6 Rfe8 16. g3 Bf8 17. Bxf8 Rxf8 18. Qd2 Kg7 19. Ne5 Nxe5 20. Rxe5 (20. dxe5 $5 {[%cal Rg3g4]} Kg8 21. f4 $14) 20... Nf6 21. Rfe1 Rab8 22. h4 Nd7 23. Rh5 (23. R5e3 $11) 23... Nf6 ({Black should try} 23... gxh5 $15 24. Qg5+ Kh8 25. Bxh7 f5 26. Rxe6 Nf6) 24. Rg5 $11 {The position is equal.} h6 25. Rge5 b5 26. a3 a5 27. b4 axb4 28. axb4 Rfc8 29. Rc1 Rb6 30. Re3 Ng4 31. Ree1 h5 32. Rc2 Ra8 33. Rec1 Nf6 34. Qe2 Qb8 35. Ra2 Rxa2 36. Qxa2 e5 37. dxe5 Qxe5 38. Qe2 Qxe2 39. Bxe2 {[%mdl 4096] Endgame KRB-KRN} Ne4 40. Bd3 Nd6 41. Bf1 Ne4 42. Bd3 Kf6 43. c4 bxc4 {[%mdl 64] [#] Discovered Attack} 44. Bxe4 $1 dxe4 45. Rxc4 {KR-KR} Ke5 46. Kf1 Kd5 47. Rc7 f5 48. Rc5+ Kd4 49. Rc8 Rxb4 50. Rc6 Rb1+ 51. Kg2 Rb2 {[#] aiming for ...e3.} 52. Kg1 e3 53. fxe3+ Kxe3 54. Rxg6 Kf3 55. Rg5 Rg2+ 56. Kh1 Rxg3 57. Rxf5+ Kg4 58. Rg5+ Kxh4 59. Rxg3 {Accuracy: White = 79%, Black = 68%.} 1/2-1/2

[Event "3rd Sharjah Masters 2019"]
[Site "Sharjah"]
[Date "2019.03.23"]
[Round "2.25"]
[White "Vishnu, Prasanna. V"]
[Black "Shailesh, Dravid"]
[Result "1-0"]
[WhiteElo "2524"]
[BlackElo "2316"]
[Annotator "TA"]
[PlyCount "71"]
[EventDate "2019.03.22"]
[EventType "swiss"]
[EventCountry "UAE"]
[SourceTitle "playchess.com"]
[Source "ChessBase"]
[SourceQuality "1"]

{[%evp 12,71,41,39,54,54,54,48,51,47,49,40,47,47,47,35,33,33,39,25,32,0,52,51,87,80,77,70,74,73,103,95,106,86,103,8,8,1,75,-34,0,0,0,0,144,122,292,289,303,287,988,981,912,838,29986,29987,29987,29988,29988,29989,29989,29990]} 1. d4 Nf6 2. c4 e6 3. g3 Bb4+ 4. Bd2 Qe7 5. Bg2 Nc6 6. e3 O-O {E00: Catalan Bogo-Indian (3 g3 Bb4+)} 7. Nc3 {LiveBook: 4 Games} (7. Ne2 d5 8. O-O dxc4 9. Qc2 Bd6 10. Qxc4 e5 11. d5 Nb8 12. Nbc3 a6 13. a4 Re8 14. e4 {0-1 (64) Socko,B (2593)-Wang,Y (2690) Riadh 2017}) 7... Bxc3 8. Bxc3 d6 {White is slightly better.} 9. Ne2 e5 10. d5 $146 ({Predecessor:} 10. h3 exd4 11. Nxd4 Bd7 12. b3 Ne4 13. Bb2 f5 14. Nb5 Be6 15. O-O Qf7 16. Nd4 Nxd4 17. Qxd4 c5 18. Qd3 d5 19. cxd5 Bxd5 20. Rfd1 Bc6 21. Qc2 {½-½ (21) Sher,M-Osnos,V (2455) Klaipeda 1983}) 10... Nb8 {[%cal Bc6b8,Bb8d7,Bd7c5][%mdl 32]} 11. h3 Nbd7 12. g4 a5 13. Ng3 Nc5 14. O-O Bd7 15. a4 h6 16. e4 Ne8 (16... Nh7 $11) 17. f4 f6 18. b3 c6 19. Ra2 {[%cal Ba1a2,Ba2f2,Bf2f4][%mdl 32]} Nc7 20. Raf2 exf4 21. Rxf4 cxd5 22. cxd5 b5 {[%cal Rb5a4]} 23. Nh5 (23. Bd4 $16) 23... bxa4 $11 24. bxa4 {[%cal Rc3f6]} Bxa4 {[#]} (24... Ne8 $1 $11 {keeps the balance.}) 25. Qa1 ({White must play} 25. Qd2 $1 $16 {[%cal Rf4f6]} Nb3 26. Qb2) 25... Ne8 26. e5 dxe5 {[#]} 27. Bxe5 $1 {[%cal Bc3e5,Be5f6,Bf6g5][%mdl 544] d6 is the strong threat.} Bb5 (27... Rc8 $11) (27... Qxe5 28. Qxe5) 28. d6 $1 $16 {[%cal Rd6e7]} Nxd6 $2 {[#]} (28... Qa7 $16) 29. Bxf6 $1 $18 Qe3+ 30. Kh2 Bxf1 $2 ({Don't blunder} 30... gxf6 $2 31. Rxf6 Rxf6 32. Nxf6+ Kf7 33. Nd5+ Bxf1 34. Qxf1+ Kg8 35. Nxe3 $18) (30... Nb3 31. Bd5+ Kh7 32. Qb1+ g6) 31. Bg5 $1 {[%csl Gh5][%cal Ra1g7]} Rf6 32. Nxf6+ gxf6 33. Qxf6 {White mates.} hxg5 34. Qg6+ Kh8 35. Qh6+ Kg8 36. Bd5+ {Precision: White = 54%, Black = 41%.} 1-0

[Event "3rd Sharjah Masters 2019"]
[Site "Sharjah"]
[Date "2019.03.23"]
[Round "2.26"]
[White "Bharath Subramaniyam H"]
[Black "Kuybokarov, Temur"]
[Result "0-1"]
[WhiteElo "2301"]
[BlackElo "2519"]
[Annotator "TA"]
[PlyCount "110"]
[EventDate "2019.03.22"]
[EventType "swiss"]
[EventCountry "UAE"]
[SourceTitle "playchess.com"]
[Source "ChessBase"]
[SourceQuality "1"]

{[%evp 15,110,60,62,60,80,18,32,15,18,20,27,7,0,10,20,6,24,31,116,8,11,6,33,8,24,2,16,23,41,49,49,48,25,27,41,0,0,0,0,0,0,0,0,1,21,0,10,0,0,-72,-55,-67,-41,-26,-51,-55,-65,-145,-133,-318,-297,-291,-290,-325,-216,-212,-128,-783,-792,-1083,-1068,-1397,-1135,-4702,-1042,-29971,-29972,-29973,-29974,-29972,-29972,-29990,-29991,-29991,-29988,-29988,-29988,-29988,-29989,-29989,-29990,-29990,-29991,-29992,-29984,-29988,-29989]} 1. e4 e5 2. Nf3 Nc6 3. Bb5 a6 4. Ba4 d6 5. c3 f5 6. exf5 Bxf5 7. O-O Bd3 8. Re1 Be7 9. Qb3 {C74: Ruy Lopez: Deferred Steinitz: 5 c3 f5} Qc8 $146 ({Predecessor:} 9... b5 10. Qd5 Qd7 11. Qxd3 bxa4 12. Qc2 Nf6 13. d3 O-O 14. Nbd2 d5 15. Qxa4 Bd6 16. c4 Nb4 17. Qxd7 Nxd7 18. cxd5 {0-1 (56) Grandelius,N (2643)-Adhiban,B (2666) Doha 2016}) 10. Qd5 (10. c4 $16 e4 11. Nd4) 10... Bf5 $11 11. Bb3 {White is slightly better.} Bg6 12. d4 {[%cal Rd4e5]} Nf6 13. Qe6 Qxe6 14. Bxe6 {[%cal Rd4e5]} exd4 15. Nxd4 Ne5 16. Na3 Nfd7 {[#]} (16... Nd3 $14 17. Re2 Kf8) 17. Bf5 ({White should try} 17. Bh3 $1 $16) 17... Nc5 18. f4 Nc6 19. Bxg6+ hxg6 20. Nxc6 bxc6 21. Be3 {next Bxc5 is good for White.} Nd3 {[%mdl 64] Double Attack} 22. Re2 {aiming for Rd1.} d5 23. b4 c5 24. bxc5 O-O-O 25. Bd4 (25. Nc2 {with more complications.} Bxc5 26. Bxc5 Nxc5 27. Rd1 Ne4 28. Re3) 25... Bxc5 26. Bxc5 Nxc5 27. Rd1 Na4 28. Rd3 Rhf8 29. g3 Rf6 30. Nc2 Rb6 31. Nd4 c5 $36 {[%mdl 2048] Black is more active.} 32. Ne6 (32. Nf3 $1 $11 {keeps the balance.}) 32... Re8 $17 33. Rde3 Rb1+ 34. Kg2 Rc1 35. Re5 c4 $1 ({Of course not} 35... Nxc3 $6 36. Nxc5 Rxe5 37. Rxe5 $14) 36. Nxg7 (36. Rxd5 $15 Nxc3 {[%mdl 64] Double Attack} 37. Rc5+ Kd7 38. Nf8+ Rxf8 39. Rd2+ Ke7 40. Rxc4) 36... Rxe5 37. fxe5 $2 (37. Rxe5 $17 Rc2+ 38. Kf3) 37... Nxc3 $15 {[%mdl 4096] Endgame KRN-KRN} 38. Rf2 d4 39. e6 {Black must now prevent e7.} Nd5 {Hoping for ...d3.} 40. Rf8+ Kc7 {[#] ...d3 is the strong threat.} 41. Ne8+ $2 {[%mdl 8192]} (41. e7 $1 $17 {[%mdl 512]} Nxe7 42. Ne6+ Kd6 43. Nxd4) 41... Kc6 $19 42. Nf6 Nxf6 43. Rxf6 {KR-KR} d3 44. Kf2 Kd6 (44... d2 $142 45. e7+ Kd7 46. Rd6+ Kxd6) 45. Ke3 Re1+ {Black mates.} 46. Kd2 Re2+ 47. Kd1 c3 48. Rf1 Rxa2 {[%cal Ra2a1]} 49. Ke1 Kxe6 50. Rf3 Ra1+ 51. Kf2 d2 52. Re3+ Kf6 53. Rf3+ Kg7 54. Rxc3 d1=N+ 55. Kf3 Nxc3 {Accuracy: White = 42%, Black = 71%.} 0-1

[Event "3rd Sharjah Masters 2019"]
[Site "Sharjah"]
[Date "2019.03.23"]
[Round "2.27"]
[White "Venkatesh, M.R."]
[Black "Ajay Karthikeyan"]
[Result "1-0"]
[WhiteElo "2517"]
[BlackElo "2298"]
[Annotator "TA"]
[PlyCount "57"]
[EventDate "2019.03.22"]
[EventType "swiss"]
[EventCountry "UAE"]
[SourceTitle "playchess.com"]
[Source "ChessBase"]
[SourceQuality "1"]

{[%evp 10,57,0,0,6,0,0,-22,-9,-13,8,4,24,32,151,152,182,187,173,171,197,197,188,168,200,210,243,230,264,274,402,404,514,520,683,699,834,772,1055,1056,1184,1181,1169,1161,1078,1053,1458,1460,1392,1312]} 1. e4 c5 2. Nf3 g6 3. c3 Nc6 4. d4 d5 5. e5 cxd4 6. cxd4 Bg4 {B22: Sicilian: 2 c3} 7. Bb5 Qb6 (7... Rc8 8. Nc3 Nh6 9. h3 Bxf3 10. Qxf3 Nf5 11. Qd3 e6 {½-½ (40) Pichot,A (2571)-Mareco,S (2644) Buenos Aires 2017}) 8. Nc3 e6 {The position is equal.} 9. O-O Nh6 $146 ({Predecessor:} 9... Bxf3 10. Qxf3 Qxd4 11. Rd1 Qxe5 12. Nxd5 exd5 13. Bf4 Qf6 14. Qxd5 {1-0 (30) Sprenger,J (2514)-Medarde Santiago,L (2354) Leiria 2017}) 10. Bxc6+ Qxc6 11. Bg5 $36 {[%mdl 2048] aiming for Rc1. White has some pressure.} Bg7 (11... Nf5 $14) 12. Qd2 $1 $16 Ng8 13. Ne1 h6 14. Be3 $1 Bf5 {[#]} 15. Rc1 $1 Ne7 16. a4 Qb6 {[#]} 17. Nb5 $1 Nc6 18. h3 g5 19. Nd6+ Ke7 (19... Kf8 {was called for.} 20. f4 Bg6 21. fxg5 hxg5) 20. f4 $18 Bg6 21. fxg5 {White is clearly winning.} h5 22. Nd3 Rhf8 23. b4 {[%cal Bb2b4,Bb4b5][%mdl 32]} a5 24. b5 Nb4 25. Nxb4 axb4 26. Qxb4 {White wants to mate with Nf5+.} Kd7 27. Rc5 Rfd8 28. Rfc1 Bf8 {[#]} 29. a5 $1 {Accuracy: White = 91%, Black = 25%.} 1-0